| 000 | 00423pab a2200157 454500 | ||
|---|---|---|---|
| 008 | 180718b2004 xxu||||| |||| 00| 0 eng d | ||
| 100 | _aShrivastava, J.P. | ||
| 245 | _aForecast on the needed growth of technical education in India | ||
| 260 | _c2004 | ||
| 300 | _ap.1-4,12. | ||
| 362 | _a20 Sep | ||
| 650 | _aTechnical education - India | ||
| 650 | _aTechnical education | ||
| 773 | _aUniversity News | ||
| 909 | _a62786 | ||
| 999 |
_c62786 _d62786 |
||